01289nam a2200301 a 450000500170000000800410001702000180005804100080007610000340008424500750011825000110019326000510020430000220025550001590027765300250043665300210046165300310048265301150051365300330062865300450066165300640070665300790077065300330084965300260088265300150090870000320092370000320095520240412134604.0100309t2009||||ag ||||f||||||||1|||spa d a9789871246564 aspa1 aIsolabella, Dora Maria Teresa aFarmacología para nutricionistas 1 / cDora Maria Teresa Isolabella a1a ed. aBuenos Aires: bEdiciones Cooperativas;c2009. a200 p.c21x14 cm. aIsolabella, D. M. T., Politi, P. M. y Politi, M. T. (Col.). (2009). Farmacología para nutricionistas 1. (1a ed.). Buenos Aires : Ediciones Cooperativas. aFarmacologia general aEnsayos clinicos aInteraccion droga-alimento aCaracterizacion: suplementos dietarios, fitofarmacos, productos herbales, alimentos funcionales, nutraceuticos aFarmacologia de las Tiroides aTratamiento farmacologico de la obesidad aTerapeutica farmacologica de la caquexia asociada al cancer aAntiinflamatorios no esteroideos, tratamiento farmacologico de la diabetes aConceptos de farmacoeconomia aSuplementos dietarios aGráficos1 aPoliti, Pedro MarianoeCol.1 aPoliti, Marian TeresaeCol.